|
|
|
|
| LEADER |
00000nam a22000007a 4500 |
| 008 |
201215b ||||| |||| 00| 0 eng d |
| 020 |
|
|
|a 978-1-4822-5204-0
|
| 100 |
|
|
|a LANGDON, D. J.…[et al.]
|
| 245 |
|
|
|a OPERATIVE oral and maxillofacial surgery
|c edited by John Dudley Langdon …[et al.]
|g . xxiii, 927p.; ill.
|e Rob & Smith’s operative surgery series
|
| 250 |
|
|
|b 3rd ed
|c LANGDON, J. D. [et al.]
|
| 260 |
|
|
|b CRC Press
|c 2017
|h Boca Raton, USA
|i 685070
|l RK501 .Op2
|m Oral surgical procedures – Methods.
|m Reconstructive surgical procedures – Methods.
|m Maxillofacial injuries – Surgery.
|m Mouth diseases – Surgery.
|m Jaw diseases – Surgery.
|
| 500 |
|
|
|a It includes bibliographical references and index”. (Rob & Smith’s operative surgery series)
|
| 942 |
|
|
|a lcc
|c BK
|e ADEYEYE Y. S.
|f 15/12/2020
|
| 952 |
|
|
|0 0
|1 0
|2 lcc
|4 0
|6 RK0501 O P2
|7 0
|9 506
|a HOL
|b HOL
|c QZ
|d 2020-12-15
|l 0
|o RK501 .Op2
|p 2020-2234
|r 2020-12-15 00:00:00
|w 2020-12-15
|y BK
|
| 999 |
|
|
|c 267
|d 267
|